Представление документа в формате RUSMARC

ПолеНазваниеЗначение
  Тип записи c
  Библиографический уровень m
001 Контрольный номер RU/УОНБ/EK_N/668952971
005 Дата корректировки 20250520122026.6
010 Индекс ISBN __
9 Тираж 3000 экз.
013 Номер (ISMN) __
a Номер (ISMN) 5-87125-036-Х
d Цена 120 р.
100 Данные общей обработки __
a Данные общей обработки 20210313d2006 u y0rusy0189||||ca
101 Язык документа 0_
a Язык текста rus
f Язык титульного листа rus
102 Страна публикации __
a Страна публикации RU
105 Кодированные данные (монография) __
a Кодированные данные (монография) y###||||000|y
125 Кодированные данные звукозаписи и нотных изданий __
a Форма изложения нотного текста с|
128 Кодированные данные (звукозаписи-физические характеристики) __
a Кодированные данные: Музыкальная форма и тональность или лад df
c Инструменты или голоса, рекомендуемые для солистов (устаревшее) ka||
c Инструменты или голоса, рекомендуемые для солистов (устаревшее) tb||
c Инструменты или голоса, рекомендуемые для солистов (устаревшее) vu||
200 Заглавие и сведения об ответственности 1_
a Заглавие Шедевры танцевальной музыки
b Общее обозначение материала Ноты
e Сведения, относящиеся к заглавию для исполн. на фп. и гитаре, а также для голоса с сольными инструм. и аккомп.
f Первые сведения об ответственности сост. и аранж. С. Стрелецкого
210 Выходные данные 1_
a Место издания Москва
c Издательство Издательство В. Н. Зайцева
d Дата издания 2006
215 Физическое описание __
a Объем 96 с.
d Формат 29 см
327 Примечание о содержании 11
a Примечание о содержании Содерж. : Виллолдо В. Аргентинское танго. - Ах, мой милый Августин! - Муз. нар. Немецкий вальс / сл. нар. - Кюсс М. Амурские волны : вальс / сл. К. Васильева и С. Попова. - Оффенбах Ж. Баркарола : из оперетты "Сказки Гофмана" ; Канкан : из оперетты "Орфей в аду". - Барыня : рус. плясовая. - Leewen A. Venus (Венера) : шейк. - Цфасман А. Весёлый вечер : фокстрот . - Jovim A. C. Girl From Ipanema (Девушка из Ипанемы) : босса-нова. - Госсек Ф. Гавот. - Голубка : самба. - Гопак : укр. нар. танец. - Leiber - Stoller. Jailhouse Rock : Rock ' n Roll. - Испанское болеро. - Кабардинская лезгинка. - Кадриль : рус. плясовая. - Каро ; Ласточка : арм. нар. танцы. - Краковяк : пол. нар. танец. - Крыжачок : белорус. нар. танец. - Кукарача : мекс. нар. танец. - Эрмос У. Ламбада : браз. танец. - Латвийская полька. - Лезгинка. - Лехтинен Р. Летка-енка / сл. М. Пляцковского. - Беркович И. Мазурка. - Боккерини Л. Менуэт. - Дога Е. Вальс : из кф. "Мой ласковый и нежный зверь". - Молдовеняска : молд. нар. танец. - Петров А. Песенка о морском дьяволе : из кф "Человек-амфибия" : твист / сл. С. Фогельсона. - Огинский М. К. Полонез. - Kaempfert B., Singleton. Путники в ночи : свинг. - Джоплин С. Регтайм. - Deknight - Freedom. Rock Around The Clock : Rock' n' Roll. - Теодоракис М. Сиртаки. - Джонсон Дж. Сыграй им, Пит. - Гадэ А. Танго ревности. - Танец цыплят : нем. полька. - Mack C., Johnson J. Taco's Charleston. - Тарантелла : итал. нар. танец. - Абреу С. Тико-тико : самба. - Фрейлехс ; Хава Нагила : евр. нар. танцы. - Цыганочка. - Монти В. Чардаш. - Шалахо : азерб. нар. танец. - Яблочко : матрос. танец.
464 Аналитический уровень _0
1 2001
a Аргентинское танго
1 700 1
a Виллолдо
b В.
464 Аналитический уровень _0
1 2001
a Ах, мой милый Августин!
e Ах, мой милый Августин...
464 Аналитический уровень _0
1 2001
a Амурские волны
e Плавно Амур свои волны несёт...
e вальс
1 700 1
a Кюсс
b М.
1 702 1
a Васильев
b К.
4 520
1 702 1
a Попов
b С.
4 520
464 Аналитический уровень _0
1 2001
a Баркарола
e из оперетты "Сказки Гофмана"
1 700 1
a Оффенбах
b Ж.
1 50010
a Сказки Гофмана
464 Аналитический уровень _0
1 2001
a Барыня
e рус. плясовая
464 Аналитический уровень _0
1 2001
a Венера
d Venuse
e A Goddess on a mountain top...
e шейк
e из рапертуара группы "Shocking Blue"
1 700 1
a Leewen
b A.
464 Аналитический уровень _0
1 2001
a Весёлый вечер
e фокстрот
1 700 1
a Цфасман
b А.
464 Аналитический уровень _0
1 2001
a Девушка из Ипанемы
d Girl From Ipanema
e босса-нова
1 700 1
a Jovim
b A. C.
464 Аналитический уровень _0
1 2001
a Гавот
1 700 1
a Госсек
b Ф.
464 Аналитический уровень _0
1 2001
a Голубка
e самба
464 Аналитический уровень _0
1 2001
a Гопак
e укр. нар. танец
464 Аналитический уровень _0
1 2001
a Jailhouse Rock
e The war den threw a party in the coun ty jail...
e Rock ' n Roll
1 700 1
a Leiber
1 701 1
a Stoller
464 Аналитический уровень _0
1 2001
a Испанское болеро
464 Аналитический уровень _0
1 2001
a Кабардинская лезгинка
464 Аналитический уровень _0
1 2001
a Кадриль
e рус. плясовая
464 Аналитический уровень _0
1 2001
a Каро
e арм. нар. танец
464 Аналитический уровень _0
1 2001
a Краковяк
e пол. нар. танец
464 Аналитический уровень _0
1 2001
a Крыжачок
e белорус. нар. танец
464 Аналитический уровень _0
1 2001
a Кукарача
e мекс. нар. танец
464 Аналитический уровень _0
1 2001
a Ламбада
e браз. танец
1 700 1
a Эрмос
b У.
464 Аналитический уровень _0
1 2001
a Латвийская полька
464 Аналитический уровень _0
1 2001
a Лезгинка
464 Аналитический уровень _0
1 2001
a Летка-енка
e Прыг-скок, утром на лужок...
1 700 1
a Лехтинен
b Р.
1 702 1
a Пляцковский
b М.
4 520
464 Аналитический уровень _0
1 2001
a Мазурка
1 700 1
a Беркович
b И.
464 Аналитический уровень _0
1 2001
a Менуэт
1 700 1
a Боккерини
b Л.
464 Аналитический уровень _0
1 2001
a Вальс
e из кф. "Мой ласковый и нежный зверь"
1 700 1
a Дога
b Е.
1 50010
a Мой ласковый и нежный зверь
464 Аналитический уровень _0
1 2001
a Молдовеняска
e молд. нар. танец
464 Аналитический уровень _0
1 2001
a Песенка о морском дьяволе
e Нам бы, нам бы, нам бы, нам бы всем на дно...
e твист
e из кф "Человек-амфибия"
1 700 1
a Петров
b А.
1 702 1
a Фогельсон
b С.
4 520
1 50010
a Человек-амфибия
464 Аналитический уровень _0
1 2001
a Полонез
1 700 1
a Огинский
b М. К.
464 Аналитический уровень _0
1 2001
a Путники в ночи
d Strangers in the Night
e Strangers in the Night...
e свинг
1 700 1
a Kaempfert
b B.
1 701 1
a Singleton
b С.
464 Аналитический уровень _0
1 2001
a Артист эстрады
e регтайм
1 700 1
a Джоплин
b С.
464 Аналитический уровень _0
1 2001
a Rock Around The Clock
e One, Two, Three O' clock...
e Rock' n' Roll
e из репертуара группы "Bill Haley @His Comets"
1 700 1
a Deknight
1 701 1
a Freedom
464 Аналитический уровень _0
1 2001
a Сиртаки
1 700 1
a Теодоракис
b М.
464 Аналитический уровень _0
1 2001
a Сыграй им, Пит
1 700 1
a Джонсон
b Дж.
464 Аналитический уровень _0
1 2001
a Танго ревности
1 700 1
a Гадэ
b А.
464 Аналитический уровень _0
1 2001
a Танец цыплят
e нем. полька
464 Аналитический уровень _0
1 2001
a Taco's Charleston
e Yes, sir, that's my baby...
1 700 1
a Mack
b C.
1 701 1
a Johnson
b J.
464 Аналитический уровень _0
1 2001
a Тарантелла
e итал. нар. танец
464 Аналитический уровень _0
1 2001
a Тико-тико
e самба
1 700 1
a Абреу
b С.
464 Аналитический уровень _0
1 2001
a Фрейлехс
e евр. нар. танец
464 Аналитический уровень _0
1 2001
a Цыганочка
464 Аналитический уровень _0
1 2001
a Чардаш
1 700 1
a Монти
b В.
464 Аналитический уровень _0
1 2001
a Шалахо
e азерб. нар. танец
464 Аналитический уровень _0
1 2001
a Яблочко
e матрос. танец
464 Аналитический уровень _0
1 2001
a Немецкий вальс
1 700 1
a Музыка народная
1 702 1
a Слова народные
4 520
464 Аналитический уровень _0
1 2001
a Канкан
e из оперетты "Орфей в аду"
1 700 1
a Оффенбах
b Ж.
1 50010
a Орфей в аду
464 Аналитический уровень _0
1 2001
a Ласточка
e арм. нар. танец
464 Аналитический уровень _0
1 2001
a Хава Нагила
e евр. нар. танец
512 Заглавие обложки 1_
a Заглавие обложки Шедевры танцевальной музыки
606 Тематические рубрики 0_
a Основная рубрика Танцевальная музыка
x Основная подрубрика Фортепиано
x Основная подрубрика Гитара
610 Ключевые слова 0_
a Ключевые слова фортепиано
610 Ключевые слова 0_
a Ключевые слова гитара
610 Ключевые слова 0_
a Ключевые слова танцевальная музыка
686 Индексы других классификаций __
a Классификационный индекс 85.954.2я43
a Классификационный индекс 85.9я43
2 Код системы rubbk
702 Вторичная интеллектуальная ответственность _1
a Фамилия Стрелецкий
b Имя (инициалы) С.
4 Код отношения 220
4 Код отношения 030
801 Источник записи _0
a Страна RU
b Организация Ульяновская ОНБ
c Дата составления 20210313
g Правила каталогизации RCR
801 Источник записи _1
a Страна RU
b Организация Ульяновская ОНБ
c Дата составления 20210313
g Правила каталогизации RCR
901 Тип документа __
t Тип документа m
909 Создатель записи __
a Создатель записи Лобина Л. И.
938 Служебная информация __
a Имя БД noti
b Имя библиотеки УОНБ
c Имя АИБС МАРК-SQL
d Номер DOC_ID в БД 23603